LDR 00652naa#a2200181#i#450# 001 EN\\bibl\119777 005 20260417004827.5 011 ## _a1819-4036 100 ## _a20210226b2021####ek#y0engy0150####ca 102 ## _aRU 200 1# _aCURRENT STATE OF USE OF ARABLE LAND IN FARMS OF DIFFERENT FORMS OF OWNERSHIP IN YENISEI SIBERIA _eJournal article 210 1# _aKrasnoyarsk _cKrasnoyarsk State Agrarian University _d2021 215 ## _a6 с. 608 ## _aJournal article _2local 675 ## _aОбщие вопросы сельского хозяйства. 631 _z 700 #1 _aChebochakov _gEgor Yakovlevich 700 #1 _aMurtaev _gValeriy Nikolaevich 856 4# _avestnik.kgau.ru _u